Potential Superpowers on a Map - Statistics

General Stats
  • This quiz has been taken 218 times
    174 since last reset
  • The average score is 27 of 33
Answers on the Map
Answers color-coded by a green-red scale on the quiz's map according to % correct below.
 
Answer Stats
Country % Correct
Russia
99%
China
97%
India
97%
France
96%
United States
96%
Germany
95%
United Kingdom
95%
Brazil
94%
Italy
92%
Spain
92%
Poland
88%
Portugal
83%
Sweden
82%
Greece
81%
Netherlands
81%
Belgium
80%
Austria
79%
Finland
79%
Denmark
77%
Hungary
76%
Ireland
76%
Romania
76%
Croatia
75%
Bulgaria
74%
Czech Republic
73%
Slovakia
73%
Slovenia
72%
Estonia
70%
Latvia
70%
Lithuania
70%
Luxembourg
67%
Malta
63%
Cyprus
59%
No matching quizzes found
Score Distribution
Percent of People with Each Score
Percentile by Number Answered
Your Score History
You have not taken this quiz since the last reset